Ung thư hạ họng thanh quản

Bewaard in:
Bibliografische gegevens
Hoofdauteur: Trần Hữu Tước
Formaat: Boek
Taal:Undetermined
Gepubliceerd in: Hà Nội Y học 1984
Onderwerpen:
Tags: Voeg label toe
Geen labels, Wees de eerste die dit record labelt!
Thư viện lưu trữ: Trung tâm Học liệu Trường Đại học Cần Thơ
LEADER 00533nam a2200181Ia 4500
001 CTU_7607
008 210402s9999 xx 000 0 und d
082 |a 616.21 
082 |b T557 
100 |a Trần Hữu Tước 
245 0 |a Ung thư hạ họng thanh quản 
245 0 |c Trần Hữu Tước 
260 |a Hà Nội 
260 |b Y học 
260 |c 1984 
650 |a respiratory organs - diseases 
904 |i Nguyễn Huỳnh Mai, 960823 
980 |a Trung tâm Học liệu Trường Đại học Cần Thơ